1847 1713 1359 1422 1415 1378 1714 1719 1345 1800 1193 1409 1621 1900 1004 1092 1008 1035 1895 1910 1511 1680 1244 1100 1446 1169 1087 1595 1204 1368 1287 1060 1265 1663 1555 1470 1861 1289 1548 1694 1291 1633 1442 1086 1722 1856 1915 1305 1012 1340 1541 1633 1961 1506 1313 1503 1063 1982 1363 1152 1523 1095 1924 1618 1368 1504 1770 1310 1059 1239 1015 1976 1879 1584 1025 1327 1744 1986 1823 1604 1563 1100 1245 1062 1225 1676 1044 1319 1609 1164 1638 1183 1914 1049 1773 1928 1762 1668 1438 BCNSPRNW ULIB Ver.6.0+V

เปลี่ยนเป็นภาษาไทย

Change to English
 แสดงรายละเอียดบรรณานุกรม
  กลับหน้าหลัก

Brief Record : Get Marc (ISO 2709) : E-mail record : QR code < ปิดหน้าต่าง
LEADER : 00000nam 2200000uu 4500
001    13399122872
003     ULIB
008    131022s2555||||th 000 0 tha d
020    ^a9786162132155
050  4 ^aDS520^bส834ม
100    ^aสุภฤกษ์ บุญทอง
245    ^aมิงกลาบา...พม่า/^cสุภฤกษ์ บุญทอง
250    ^aพิมพ์ครั้งที่ 2
260    ^aกรุงเทพฯ :^bสกายบุ๊กส์,^c2555
300    ^a72 หน้า
440  0 ^aชุด ประชาคมอาเซียนฉบับการ์ตูน
650  7 ^aอาเซียน^xเสริมความรู้
650  7 ^aพม่า
945    ^p119^l0^i034092
999    ^aเกษร โพธิ์สุวรรณ
รายการนี้ยังไม่มีแท็ก
คุณยังไม่ได้ล็อกอิน คุณสามารถมีกิจกรรมร่วมกับเว็บไซต์ได้ แต่ต้องล็อกอินก่อน ::
  ล็อกอิน

รายการสื่อสารสนเทศ

ลำดับที่ ประเภท เลขเรียก/บาร์โค้ด สถานที่ สถานะ
1. การศึกษาทั่วไป
หนังสือสำรอง
สถานะ=หนังสือสำรอง
DS520 ส834ม ฉ.1 
  Barcode: 034092
ห้องสมุดวิทยาเขตสวรรค์ประชารักษ์
►หนังสือทั่วไป
บนชั้น

รายการใกล้เคียง
    ผู้แต่ง [สุภฤกษ์ บุญทอง]

    หัวเรื่อง [พม่า]

BibComment


ยังไม่เคยถูกคอมเมนท์

คอมเมนท์ทรัพยากรรายการนี้
  คอมเมนท์: มิงกลาบาพม่า สุภ..


 Copyright 2026. Bcnsprnw @Library